| 000 | 01052nam a22002537a 4500 | ||
|---|---|---|---|
| 005 | 20170124102948.0 | ||
| 010 | _aB-243299 | ||
| 020 |
_c130.00 _a8126312653 |
||
| 035 | _aB-243299 | ||
| 037 | _bCen Lib/Ret | ||
| 040 |
_aDPL _bHN |
||
| 082 |
_a822 _bमित्रदी |
||
| 100 |
_aमित्र, दीनबन्धु _950683 |
||
| 245 |
_aनील दर्पण / _cदीनबन्धु मित्र |
||
| 246 |
_aNeel darpan / _bby Deenbandhu Mitr |
||
| 260 |
_aनयी दिल्ली _bभारतीय ज्ञानपीठ _c2006 |
||
| 270 |
_bनयी दिल्ली _a18, इंस्टीट्यूशनल एरिया , लोदी रोड _e110003 |
||
| 300 |
_a163पृ. _c21सेमी (सजिल्द) |
||
| 650 |
_aहिन्दी -- साहित्य _950684 |
||
| 650 |
_aहिन्दी -- नाटक _91413 |
||
| 650 |
_aHindi -- literature _950685 |
||
| 650 |
_aHindi - Play _950686 |
||
| 942 |
_2ddc _cHN _h822 _mमित्रदी |
||
| 999 |
_c113112 _d113112 |
||